La imagen ante el Derecho penal: nuevos desafíos

En este trabajo se aborda la protección de la imagen dentro del Código penal, un tema que, a pesar de ser clásico, afronta nuevos retos dada la actualidad que ha recobrado al entrar dentro del radio de acción de las tecnologías de la información y de la comunicación que no solo amplifican el daño qu...

Full description

Saved in:  
Bibliographic Details
Authors: Acale Sánchez, María (Author) ; Boza Martínez, Diego (Author)
Format: Electronic Article
Language:Spanish
Published: 2025
In: Eguzkilore
Year: 2025, Volume: 12, Pages: 1-48
Online Access: Volltext (kostenfrei)
Check availability: HBZ Gateway
Keywords:

MARC

LEADER 00000caa a22000002c 4500
001 1946015857
003 DE-627
005 20251217145859.0
007 cr uuu---uuuuu
008 251213s2025 xx |||||o 00| ||spa c
035 |a (DE-627)1946015857 
035 |a (DE-599)KXP1946015857 
040 |a DE-627  |b ger  |c DE-627  |e rda 
041 |a spa 
084 |a 2,1  |2 ssgn 
100 1 |a Acale Sánchez, María  |e VerfasserIn  |0 (DE-588)132804263  |0 (DE-627)526561262  |0 (DE-576)184257387  |4 aut 
109 |a Acale Sánchez, María  |a Sánchez, María Acale  |a Acale-Sánchez, María 
245 1 3 |a La imagen ante el Derecho penal: nuevos desafíos 
264 1 |c 2025 
336 |a Text  |b txt  |2 rdacontent 
337 |a Computermedien  |b c  |2 rdamedia 
338 |a Online-Ressource  |b cr  |2 rdacarrier 
520 |a En este trabajo se aborda la protección de la imagen dentro del Código penal, un tema que, a pesar de ser clásico, afronta nuevos retos dada la actualidad que ha recobrado al entrar dentro del radio de acción de las tecnologías de la información y de la comunicación que no solo amplifican el daño que sufre, sino que facilitan la comisión de estas conductas hasta el punto de haberlas convertido en hechos cotidianos. La confrontación entre lo cásico del interés a proteger y la novedad de las conductas, permite plantearse hoy si no sería viable una reestructuración y nueva sistematización de las figuras delictivas con las que cuenta el Código penal español a los efectos de optimizar la intervención. En particular, se someterá a estudio la posibilidad de considerar a la imagen como un bien jurídico protegido en sí mismo considerado, superando la actual visión que desde los primeros Códigos penales se tiene de ella: esto es, la de un mero objeto -material- sobre el que residen los bienes jurídicos que le trascienden como el honor, la intimidad o la libertad sexual. Las propuestas que se harán a continuación parten de la identificación de un conjunto de factores criminológicos, victimológicos y sociológicos cuyo desbroce puede contribuir a prevenir episodios delictivos futuros. 
520 |a This paper examines the protection of image rights within the Spanish Criminal Code. While a classic topic, it faces new challenges given its renewed relevance in the context of information and communication technologies. These technologies not only amplify the harm suffered but also facilitate the commission of related offenses, to the point of making them commonplace. The clash between the traditional interest to be protected and the novelty of these behaviors prompts a contemporary re-evaluation: would a restructuring and new systematization of the criminal offenses in the Spanish Criminal Code be viable to optimize intervention? Specifically, this study will explore the possibility of considering image as a protected legal interest in itself, moving beyond the current view held since the earliest Criminal Codes. This traditional perspective treats image as merely a material object upon which transcendent legal interests—such as honor, privacy, or sexual freedom—reside. The proposals put forth in this paper stem from identifying a set of criminological, victimological, and sociological factors, the analysis of which can contribute to preventing future criminal incidents. 
650 4 |a Imagen 
650 4 |a Honor 
650 4 |a intimidad 
650 4 |a libertad sexual 
650 4 |a deepfake 
650 4 |a Image 
650 4 |a Intimacy 
650 4 |a Sexual freedom 
700 1 |a Boza Martínez, Diego  |e VerfasserIn  |0 (DE-588)1245037064  |0 (DE-627)1776193776  |4 aut 
773 0 8 |i Enthalten in  |t Eguzkilore  |d San Sebastián : Inst., 1976  |g 12(2025), Seite 1-48  |h Online-Ressource  |w (DE-627)831875356  |w (DE-600)2827956-6  |w (DE-576)435354132  |7 nnas 
773 1 8 |g volume:12  |g year:2025  |g pages:1-48 
856 4 0 |u https://ojs.ehu.eus/index.php/eguzkilore/article/view/28113  |x Verlag  |z kostenfrei  |3 Volltext  |7 0 
935 |a mkri 
951 |a AR 
ELC |a 1 
LOK |0 000 xxxxxcx a22 zn 4500 
LOK |0 001 4827227764 
LOK |0 003 DE-627 
LOK |0 004 1946015857 
LOK |0 005 20251216093430 
LOK |0 008 251213||||||||||||||||ger||||||| 
LOK |0 035   |a (DE-2619)KrimDok#2025-12-12#8DFB64D6AAD694E3230DCF8F081EBE2378A70261 
LOK |0 040   |a DE-2619  |c DE-627  |d DE-2619 
LOK |0 092   |o n 
LOK |0 852   |a DE-2619 
LOK |0 852 1  |9 00 
LOK |0 866   |x zotak: Ergänzt 4070, da in zota-Einspielung nicht vorhanden 
LOK |0 935   |a zota 
LOK |0 939   |a 13-12-25  |b l01 
OAS |a 1 
ORI |a SA-MARC-krimdoka001.raw